=LDR 00000nam 2200000 4500 =001 INLIS000000000040573 =005 20141016102357.0 =006 =007 =008 Ind =035 ##$$0010-061300000040573 =041 ##$$a Ind =082 ##$$a 813 =090 ##$$a 813 , Das p =100 ##$$a DASWANI, Kavita =245 ##$$a Pengantin dusun di Beverly hills , Kavita Daswani; Alih bahasa, gita Yuliani k =260 ##$$a 2008 $b Jakarta =300 ##$$a 336 hlm. , 18 cm =650 ##$$a FIKSI =700 ##$$a YULIANI K, Gita =850 ##$$a NBPNMAT =990 ##$$a 0001/BPAP-NTB/2015